000 01121cad a22002295a 4500
001 E149132
008 100115s2009 xxka f 000 0 eng d
035 _a(Sirsi) u149132
041 0 _aeng
050 0 4 _a333.33 $2 18
110 2 _aSavills
_92020
245 0 0 _aScottish farmland market
_bbriefing October 2009
_h[electronic resource]
260 _a[Edinburgh]
_bSavills
_c2009
490 0 _aSavills Scottish Farmland Market
520 _aSuggests that the amount of farmland publicly marketed in the national press from January to September 2009 fell by -25% to 24 000 acres, when compared to the same period in 2008. Savills' Farmland Value Survey shows that the average value of farmland in Scotland rose by 0.4% in Q1-Q3 2009, compared to an increase of 5.6% in 2008.
521 _aAdvanced
590 _aKA
651 4 _aScotland
_y1999-
690 _aPROPERTY-RURAL AND NATURAL ASSETS-AGRICULTURAL PROPERTY-AGRICULTURAL PROPERTY MARKET
856 4 0 _uhttps://www.savills.co.uk/research/Report.aspx?nodeID=10980#
_zView the report free of charge (requires registration) at www.savills.co.uk...
942 _n0
999 _c110379
_d110379